Метрология, стандартизация и сертификация в инфокоммуникациях: учебное пособие для вузов

Bibliographische Detailangaben
1. Verfasser: Егоров П. М. Петр Михайлович
Zusammenfassung:Электронная копия печатного издания.
Режим доступа: из корпоративной сети ТПУ
Sprache:Russisch
Veröffentlicht: Москва, Академия, 2014
Schriftenreihe:Высшее образование. Бакалавриат
Радиотехника
Schlagworte:
Online-Zugang:http://www.lib.tpu.ru/fulltext2/m/2015/FN/fn-55.pdf
Format: MixedMaterials Elektronisch Buch
KOHA link:https://koha.lib.tpu.ru/cgi-bin/koha/opac-detail.pl?biblionumber=290144

MARC

LEADER 00000nlm0a2200000 4500
001 290144
005 20231102000245.0
010 |a 9785446803316 
035 |a (RuTPU)RU\TPU\book\314674 
090 |a 290144 
100 |a 20150403d2014 m y0rusy50 ca 
101 0 |a rus 
102 |a RU 
105 |a y j 000zy 
135 |a vocna---uucaa 
181 0 |a i  
182 0 |a b 
200 1 |a Метрология, стандартизация и сертификация в инфокоммуникациях  |b Электронный ресурс  |e учебное пособие для вузов  |f П. М. Егоров 
203 |a Текст  |c электронный 
210 |a Москва  |c Академия  |d 2014 
215 |a 1 Мультимедиа CD-ROM 
225 1 |a Высшее образование. Бакалавриат 
225 1 |a Радиотехника 
230 |a Мультимедиа ресурсы (10 директорий; 100 файлов; 740MB) 
300 |a Электронная копия печатного издания. 
333 |a Режим доступа: из корпоративной сети ТПУ 
337 |a Pentium 100 MHz, 16 Mb RAM, Windows 95/98/NT/2000, CDROM, SVGA, звуковая карта, Internet Explorer 5.0 и выше 
606 1 |a Метрология  |2 stltpush  |3 (RuTPU)RU\TPU\subj\43497  |9 62988 
610 1 |a понятия 
610 1 |a измерение 
610 1 |a погрешности 
610 1 |a средства измерений 
610 1 |a единство измерений 
610 1 |a государственное регулирование 
610 1 |a электрическое напряжение 
610 1 |a сигналы 
610 1 |a осциллографы 
610 1 |a время 
610 1 |a частота 
610 1 |a интервалы 
610 1 |a стандартизация 
610 1 |a сертификация 
610 1 |a учебные пособия 
610 1 |a CD-ROM 
675 |a 006(075.8)  |v 4 
700 1 |a Егоров  |b П. М.  |g Петр Михайлович 
801 1 |a RU  |b 63413507  |c 20150403 
801 2 |a RU  |b 63413507  |c 20161028  |g RCR 
856 4 0 |u http://www.lib.tpu.ru/fulltext2/m/2015/FN/fn-55.pdf 
900 |a Метрология, стандартизация и сертификация 
942 |c CF 
951 |l 8.1 
959 |a 32/20150403  |d 1  |e 12649,60  |f ЧЗКДП:1